000 00542nam a22001817a 4500
005 20251108174849.0
008 250721s2009 xx 000 0 ara d
082 1 4 _a611/عصف
100 1 _aعصفور، نور الدين
245 1 0 _aأساسيات في علم التشريح /
246 1 1 _aESSENTIALS OF ANATOMY
264 1 _aعمان :
_bدار تسنيم للنشر و التوزيع،
_c2009.
300 _a444ص.
650 1 7 _aعلم التشريح
650 1 7 _aجسم الانسان
942 _2ddc
_cBK
999 _c120068
_d120068